00237nam a2200109Ia 4500008004100000041001200041082001500053100001500068245002600083260000900109650000900118221030s9999 xx 000 0 und d aEnglish a105.23bBE aBlack Book 0a. NET ProgrammingbCD c2009 aBook